| 000 | 00867cam a22002295a 4500 | ||
|---|---|---|---|
| 003 | OSt | ||
| 005 | 20201124142920.0 | ||
| 008 | 090317s1992 ua frb 000 0 ara d | ||
| 040 |
_aEG-ScBUE _bara _cEG-ScBUE |
||
| 082 | 0 | 4 |
_a338.962 _bب ب ل _222 |
| 245 | 1 | 2 |
_aالتغيير من أجل الاستقرار / _cحازم الببلاوي. |
| 250 | _aط. 1. | ||
| 260 |
_aالقاهرة : _bدار الشروق، _c1992. |
||
| 300 |
_a238 ص. ؛ _c20 سم. |
||
| 504 | _aيشتمل على إرجاعات ببليوجرافية. | ||
| 590 | _adoaa mohamed | ||
| 650 | 7 |
_2BUEsh _aالاستقرار الاقتصادي _zمصر _yقرن 20. |
|
| 651 | 7 |
_913709 _aمصر _xسياسة اقتصادية _yقرن 20. _2BUEsh |
|
| 651 | 7 |
_aمصر _xسياسة وحكومة _yقرن 20. |
|
| 653 |
_bARALIT _bBUSBOL _cAugust2015 _cJanuary2018 |
||
| 942 |
_cBB _k338.962 ب ب ل _2ddc |
||
| 999 |
_c6511 _d6511 |
||